00384 a2200121 450000100060000002000060000604000220001210000230003424000380005724500330009530000080012865001260013661411 a  cAnchieta - Pituba aAlzugaray, Cátia10a1000 Que fizeram século 20lpor10a1000 Que fizeram século 20 a329 4aPessoas em literatura, história, biografia, genealogia (incluindo historiadores, escritores e críticos da literatura)